| 000 | 00724nam a22001931i 4500 | ||
|---|---|---|---|
| 001 | 4728 | ||
| 090 | _a4728 | ||
| 100 | _a20170304u u u0frey50 ba | ||
| 101 | 0 | _apor | |
| 200 | 1 |
_fVirgílio Moreira _aA criança no primeiro ano de vida |
|
| 215 |
_a203, [1] p. _cil. _d21 cm |
||
| 700 | 1 |
_aMoreira _bVirgílio _4070 |
|
| 210 |
_cCaminho _aLisboa _d1981 |
||
| 225 | 2 |
_aBiblioteca da saúde _v4 |
|
| 410 | 0 | _tBiblioteca da saúde | |
| 996 |
_f0005138 _kMOR _m00000000 _n00000000 _aBMVA _b1 _vViana do Alentejo _xMedicina _y29 _eLivro _10 _31 |
||
| 996 |
_f0022671 _kMOR _m00000000 _n00000000 _aBMVAAG _b4 _vAguiar _xMedicina _y29 _eLivro _10 _31 |
||
| 996 |
_f0026774 _kMOR _m00000000 _n00000000 _aBMVAAL _b3 _vAlcáçovas _xMedicina _y29 _eLivro _10 _31 |
||
| 990 | _cLIVROS | ||